000 00506nam a2200193 a 4500
001 158007
003 OSt
005 20211126124752.0
008 200701 ### ENG
020 _a9780070263642
082 _a337
_bC42I
100 _aCherunilam, Francis
245 _aInternational economics
_cby Francis Cherunilam
250 _a5th ed.
260 _aChennai
_bMcGraw Hill Education
_c2018
300 _axxxii, 733p.
653 _aInternational economic relations
942 _2ddc
_cBK
999 _c20279
_d20279